| 000 | 00818nam a2200265Ia 4500 | ||
|---|---|---|---|
| 003 | OSt | ||
| 005 | 20220927103555.0 | ||
| 006 | a|||||r|||| 00| 0 | ||
| 007 | ta | ||
| 008 | 220926b |||||||| |||| 00| 0 eng d | ||
| 024 | _a87050 | ||
| 037 | _cReference Collections | ||
| 040 |
_aRTL _cRTL _beng |
||
| 041 |
_2eng _aeng |
||
| 082 | _a"Y:5:5(Y):(B28).4.N7, L5/UN" | ||
| 110 |
_aUNITED NATION _9351525 |
||
| 245 | 0 | _aComparative study of family planning services statistics system in the ESCAP region | |
| 260 |
_aNew _bYork UN _c1975 |
||
| 300 |
_a"iv,126p" _ccm. |
||
| 500 | _aBibliography: p 120-126 | ||
| 650 |
_aDemography _9360003 |
||
| 700 |
_aUNITED NATION _9351527 |
||
| 942 |
_h"Y:5:5(Y):(B28).4.N7, L5/UN" _cCC |
||
| 999 |
_c684105 _d684105 |
||